Advanced accountancy (complete volume) / (Record no. 5953)
[ view plain ]
| 000 -LEADER | |
|---|---|
| fixed length control field | 00748cam a22002412 4500 |
| 001 - CONTROL NUMBER | |
| control field | 0000002648 |
| 005 - DATE AND TIME OF LATEST TRANSACTION | |
| control field | 20151217151901.0 |
| 008 - FIXED-LENGTH DATA ELEMENTS--GENERAL INFORMATION | |
| fixed length control field | 070417s xx 000 0 eng d |
| 020 ## - INTERNATIONAL STANDARD BOOK NUMBER | |
| International Standard Book Number | 8127201545 : |
| Terms of availability | KES 935 |
| 040 ## - CATALOGING SOURCE | |
| Original cataloging agency | KABU |
| Transcribing agency | KABU |
| 050 #0 - LIBRARY OF CONGRESS CALL NUMBER | |
| Classification number | HF5635 |
| Item number | .J35 2002 |
| 100 1# - MAIN ENTRY--PERSONAL NAME | |
| Personal name | Jain, S. P. |
| -- | 0000151880 |
| 245 10 - TITLE STATEMENT | |
| Title | Advanced accountancy (complete volume) / |
| Statement of responsibility, etc. | S. P. Jain, K. L. Narang. |
| 250 ## - EDITION STATEMENT | |
| Edition statement | 11th rev. ed. |
| 260 ## - PUBLICATION, DISTRIBUTION, ETC. (IMPRINT) | |
| Place of publication, distribution, etc. | Ludhiana : |
| Name of publisher, distributor, etc. | Kalyani Publishers, |
| Date of publication, distribution, etc. | 2002. |
| 300 ## - PHYSICAL DESCRIPTION | |
| Extent | 1018, 1171 p. ; |
| Dimensions | 25 cm. |
| 650 #0 - SUBJECT ADDED ENTRY--TOPICAL TERM | |
| Topical term or geographic name as entry element | Accounting. |
| -- | 0000148321 |
| 700 1# - ADDED ENTRY--PERSONAL NAME | |
| Personal name | Narang K. L. |
| -- | 0000151881 |
| 908 ## - PUT COMMAND PARAMETER (RLIN) | |
| Put command parameter | 070417 |
| 950 ## - LOCAL HOLDINGS (RLIN) | |
| -- | 1 |
| Withdrawn status | Lost status | Source of classification or shelving scheme | Not for loan | Home library | Current library | Date acquired | Total Checkouts | Full call number | Barcode | Date last seen | Price effective from | Koha item type | Date last checked out | Total Renewals |
|---|---|---|---|---|---|---|---|---|---|---|---|---|---|---|
| Library of Congress Classification | Kabarak, Main Campus | Kabarak, Main Campus | 17/12/2015 | HF5635 .J35 2002 | 002635 | 02/08/2024 | 17/12/2015 | General Collection | ||||||
| Library of Congress Classification | Kabarak, Main Campus | Kabarak, Main Campus | 17/12/2015 | 10 | HF5635 .J35 2002 | 002636 | 02/08/2024 | 17/12/2015 | General Collection | 30/01/2021 | ||||
| Library of Congress Classification | Kabarak, Main Campus | Kabarak, Main Campus | 17/12/2015 | 15 | HF5635 .J35 2001 | 002634 | 02/08/2024 | 17/12/2015 | General Collection | 30/06/2022 | 2 |